000 00736nam a2200277Ia 4500
005 20260324121154.0
008 008 260324s9999 xx 000 0 eng d
020 _a9781315751054
037 _aEBOOK
040 _aCRL
040 _beng
040 _cCRL
041 _2eng
041 _aeng
084 _qCRL
100 _aAndrew Connell; Anthony Edwards; Alison Hramiak; Gavin Rhoades; Neil Stanley
_91161476
245 2 _aA Practical Guide to Teaching Computing and ICT in the Secondary School
260 _bTaylor and Francis
260 _c2014
365 _a
365 _b290
856 _uhttp://www.taylorfrancis.com/books/9781315751054
942 _cEBOOK
999 _c1753410
_d1753410